[Event "Verbandsliga Nordbaden 1819"]
[Site "Baden"]
[Date "2018.10.14"]
[Round "1.4"]
[White "Hauke, Christian"]
[Black "Elis, Volker"]
[Result "1/2-1/2"]
[WhiteElo "2174"]
[BlackElo "2200"]
[PlyCount "37"]
[EventDate "2018.10.14"]
[EventType "team-tourn"]
[EventRounds "9"]
[EventCountry "GER"]
[SourceTitle "EXT 2020"]
[Source "ChessBase"]
[SourceDate "2019.10.17"]
[SourceVersion "1"]
[SourceVersionDate "2019.10.17"]
[SourceQuality "1"]
[WhiteTeam "Bad Mergentheim II"]
[BlackTeam "Heidelberg"]
[WhiteTeamCountry "GER"]
[BlackTeamCountry "GER"]

1. d4 Nf6 2. Bg5 Ne4 3. Bf4 d5 4. e3 e6 5. Bd3 b6 6. Bxe4 dxe4 7. Nc3 Bb7 8. Qg4 h5 9. Qg3 h4 10. Qg4 Nd7 11. 0-0-0 Nf6 12. Qe2 Bd6 13. Be5 Qe7 14. Qb5+ Qd7 15. Bxd6 cxd6 16. Qb4 0-0-0 17. Nh3 Kb8 18. Kb1 d5 19. Rd2 1/2-1/2

[Event "Verbandsliga Nordbaden 1718"]
[Site "Baden"]
[Date "2018.01.28"]
[Round "5.5"]
[White "Welz, Thomas"]
[Black "Elis, Volker"]
[Result "1/2-1/2"]
[WhiteElo "2170"]
[BlackElo "2200"]
[PlyCount "135"]
[EventDate "2017.10.08"]
[EventType "team-tourn"]
[EventRounds "9"]
[EventCountry "GER"]
[SourceTitle "EXT 2019"]
[Source "ChessBase"]
[SourceDate "2018.10.10"]
[SourceVersion "1"]
[SourceVersionDate "2018.10.10"]
[SourceQuality "1"]
[WhiteTeam "Eppingen II"]
[BlackTeam "Heidelberg"]
[WhiteTeamCountry "GER"]
[BlackTeamCountry "GER"]

1. d4 Nf6 2. Nf3 g6 3. Nc3 d5 4. Bf4 Bg7 5. e3 0-0 6. Be2 c5 7. 0-0 Ne4 8. Nxe4 dxe4 9. Ne5 Be6 10. a4 Nd7 11. Nxd7 Qxd7 12. c3 Rac8 13. Qb1 Bf5 14. Qa2 Be6 15. Qa3 cxd4 16. exd4 Bc4 17. Bxc4 Rxc4 18. Qb3 Rfc8 19. Rae1 Rxa4 20. Rxe4 e6 21. Be5 Ra5 22. Rfe1 Qb5 23. Qc2 Ra2 24. Rb1 Qc4 25. h4 h5 26. Bxg7 Kxg7 27. Qd2 Ra5 28. Rbe1 Rd8 29. Re5 Rdd5 30. R5e3 a6 31. Qd3 Qxd3 32. Rxd3 e5 33. Rxe5 Rxe5 34. dxe5 Rxe5 35. Rd7 Re1+ 36. Kh2 b5 37. b4 Kf6 38. Kg3 Re6 39. Rc7 Kg7 40. Kf3 Kf6 41. Kf4 Kg7 42. f3 Re1 43. Rc6 Ra1 44. g3 Ra4 45. Ke3 a5 46. bxa5 Rxa5 47. Rb6 Kf8 48. Kd4 Ke7 49. Kc5 Ra2 50. Kxb5 Rg2 51. c4 Rxg3 52. Rb7+ Ke6 53. c5 Rxf3 54. c6 Rc3 55. Kb6 f6 56. Rb8 g5 57. hxg5 fxg5 58. Rh8 h4 59. c7 Kf5 60. Kb7 Kg4 61. c8Q+ Rxc8 62. Kxc8 Kg3 63. Kd7 h3 64. Ke6 h2 65. Kf5 Kg2 66. Kg4 h1Q 67. Rxh1 Kxh1 68. Kxg5 1/2-1/2

[Event "Verbandsliga Nordbaden 1617"]
[Site "Baden"]
[Date "2016.12.11"]
[Round "4.3"]
[White "Elis, Volker"]
[Black "Muetsch, Annmarie"]
[Result "0-1"]
[WhiteElo "2200"]
[BlackElo "2140"]
[PlyCount "98"]
[EventDate "2016.10.09"]
[EventType "team-tourn"]
[EventRounds "9"]
[EventCountry "GER"]
[SourceTitle "EXT 2022"]
[Source "ChessBase"]
[SourceDate "2021.10.06"]
[SourceVersion "1"]
[SourceVersionDate "2021.10.06"]
[SourceQuality "1"]
[WhiteTeam "Heidelberg"]
[BlackTeam "Eppingen II"]
[WhiteTeamCountry "GER"]
[BlackTeamCountry "GER"]

1. Nf3 Nf6 2. c4 e6 3. Nc3 Bb4 4. Qc2 d6 5. a3 Bxc3 6. Qxc3 e5 7. e3 0-0 8. Be2 Nc6 9. b4 Ne4 10. Qc2 f5 11. Bb2 Ng5 12. d3 Nxf3+ 13. Bxf3 Ne7 14. Qc3 Ng6 15. g3 c6 16. h4 Re8 17. h5 Nh8 18. d4 Nf7 19. dxe5 dxe5 20. Rd1 Qe7 21. Be2 Ng5 22. h6 Ne4 23. Qc2 g6 24. Bd3 Ng5 25. Qc3 Nf7 26. Kf1 Qf8 27. c5 Be6 28. Bc4 Qe7 29. Kg2 Rad8 30. Rde1 Bd5+ 31. Bxd5 cxd5 32. f4 Qe6 33. Kf2 g5 34. fxe5 Nxh6 35. Qd4 Ng4+ 36. Kg2 h6 37. c6 bxc6 38. Rh5 Rd7 39. Reh1 Rh7 40. Qc5 Rb8 41. Re1 Rf8 42. Rhh1 Rg7 43. Rhf1 f4 44. exf4 gxf4 45. Bc1 f3+ 46. Rxf3 Rxf3 47. Kxf3 Nxe5+ 48. Kg2 Rxg3+ 49. Kxg3 Qg4+ 0-1

[Event "Oberliga Baden 1516"]
[Site "Baden"]
[Date "2016.02.21"]
[Round "7.5"]
[White "Elis, Volker"]
[Black "Vinke, Andreas"]
[Result "1/2-1/2"]
[WhiteElo "2220"]
[BlackElo "2197"]
[PlyCount "73"]
[EventDate "2015.09.20"]
[EventType "team-tourn"]
[EventRounds "9"]
[EventCountry "GER"]
[SourceTitle "EXT 2018"]
[Source "ChessBase"]
[SourceDate "2017.10.13"]
[SourceVersion "1"]
[SourceVersionDate "2017.10.13"]
[SourceQuality "1"]
[WhiteTeam "Handschuhsheim"]
[BlackTeam "Karlsruhe SF"]
[WhiteTeamCountry "GER"]
[BlackTeamCountry "GER"]

1. Nf3 e6 2. c4 Nf6 3. Nc3 Bb4 4. Qc2 0-0 5. a3 Bxc3 6. Qxc3 b6 7. e3 Bb7 8. Be2 d6 9. 0-0 Nbd7 10. b3 e5 11. d3 Qe7 12. Bb2 Nc5 13. b4 Na4 14. Qc2 Nxb2 15. Qxb2 Nd7 16. Rac1 c5 17. d4 e4 18. Nd2 f5 19. Qc3 Rae8 20. f4 exf3 21. Bxf3 Bxf3 22. Rxf3 g6 23. b5 Nf6 24. h3 Qg7 25. Rd1 Re7 26. a4 Rfe8 27. Nf1 Nh5 28. Kh1 Re4 29. Qd2 Qe7 30. dxc5 dxc5 31. Qd5+ Kg7 32. Rf2 Nf6 33. Qd3 Qe6 34. Rc2 Kf7 35. Kg1 Kg7 36. Qc3 Kf7 37. Qd3 1/2-1/2

[Event "Oberliga Baden 1516"]
[Site "Baden"]
[Date "2015.10.11"]
[Round "2.5"]
[White "Elis, Volker"]
[Black "Kummle, Thomas"]
[Result "1/2-1/2"]
[WhiteElo "2220"]
[BlackElo "2072"]
[PlyCount "89"]
[EventDate "2015.09.20"]
[EventType "team-tourn"]
[EventRounds "9"]
[EventCountry "GER"]
[SourceTitle "EXT 2018"]
[Source "ChessBase"]
[SourceDate "2017.10.13"]
[SourceVersion "1"]
[SourceVersionDate "2017.10.13"]
[SourceQuality "1"]
[WhiteTeam "Handschuhsheim"]
[BlackTeam "Waldshut Tiengen"]
[WhiteTeamCountry "GER"]
[BlackTeamCountry "GER"]

1. Nf3 c5 2. c4 g6 3. d4 cxd4 4. Nxd4 Bg7 5. e4 Nc6 6. Be3 Nf6 7. Nc3 0-0 8. Be2 b6 9. 0-0 Bb7 10. Nc2 Rc8 11. f4 Na5 12. e5 Ne8 13. Na3 d6 14. Qe1 dxe5 15. f5 Nd6 16. Rd1 Qc7 17. fxg6 hxg6 18. Nd5 Bxd5 19. cxd5 Qd7 20. Qb4 Rc7 21. h4 Nf5 22. Bf2 Nd4 23. Bxd4 exd4 24. Nb5 Rc5 25. Nxd4 Rxd5 26. Nf3 Nc6 27. Qb3 Nd4 28. Nxd4 Rxd4 29. h5 Rxd1 30. Rxd1 Qf5 31. hxg6 Qxg6 32. Qe3 e6 33. b3 Qf6 34. g3 Rd8 35. Rxd8+ Qxd8 36. Qd3 Qxd3 37. Bxd3 Bd4+ 38. Kg2 Kg7 39. g4 Kf6 40. Kf3 Kg5 41. a4 a5 42. Bc2 Bb2 43. Bd3 f5 44. gxf5 exf5 45. Bc4 1/2-1/2

[Event "Verbandsliga Nordbaden 1415"]
[Site "Baden"]
[Date "2014.10.12"]
[Round "1.5"]
[White "Birnbaum, Detlev"]
[Black "Elis, Volker"]
[Result "1/2-1/2"]
[WhiteElo "2130"]
[BlackElo "2220"]
[PlyCount "181"]
[EventDate "2014.10.12"]
[EventType "team-tourn"]
[EventRounds "9"]
[EventCountry "GER"]
[SourceTitle "EXT 2022"]
[Source "ChessBase"]
[SourceDate "2021.10.06"]
[SourceVersion "1"]
[SourceVersionDate "2021.10.06"]
[SourceQuality "1"]
[WhiteTeam "Viernheim II"]
[BlackTeam "Heidelberg"]
[WhiteTeamCountry "GER"]
[BlackTeamCountry "GER"]

1. d4 Nf6 2. c4 g6 3. g3 Bg7 4. Bg2 d6 5. Nc3 0-0 6. Nf3 Nbd7 7. 0-0 e5 8. e4 exd4 9. Nxd4 Re8 10. Re1 a6 11. Nc2 Rb8 12. Be3 Ne5 13. Qe2 Bg4 14. f3 Be6 15. Nd5 c6 16. Bb6 Qc8 17. Nde3 Ned7 18. Ba7 Ra8 19. Bd4 c5 20. Bc3 Qc7 21. Rad1 Rad8 22. Qd2 Nb8 23. Nd5 Bxd5 24. cxd5 Nbd7 25. a4 Rb8 26. a5 b5 27. axb6 Nxb6 28. Ne3 Qb7 29. Qc2 h5 30. Bf1 Ra8 31. Ra1 Ra7 32. Qb3 Nfd7 33. Bxg7 Kxg7 34. Qc3+ Kg8 35. Nc4 Nxc4 36. Bxc4 Rb8 37. Ra2 a5 38. f4 f6 39. Rea1 Rba8 40. b3 Qb4 41. Qd3 Kg7 42. Ra4 Qb6 43. Qc3 Qd8 44. Bb5 Qe7 45. Bc6 Nb6 46. R4a2 Rh8 47. Re1 h4 48. e5 hxg3 49. Qxg3 dxe5 50. fxe5 fxe5 51. Rg2 Rh6 52. Rxe5 Qh4 53. Qxh4 Rxh4 54. Re6 Rh6 55. d6 Kf7 56. Rge2 Rh7 57. Be8+ Kf8 58. Bxg6 Rhd7 59. h4 c4 60. h5 Kg7 61. Re7+ Kf6 62. Rf2+ Kg5 63. Rff7 cxb3 64. Rxd7 Nxd7 65. Rf5+ Kh6 66. Rb5 a4 67. Bf7 Ra6 68. Bxb3 axb3 69. Rxb3 Rxd6 70. Kf2 Kxh5 71. Rb5+ Kg6 72. Ke3 Kf6 73. Ke4 Ra6 74. Rh5 Ra4+ 75. Ke3 Ne5 76. Rh8 Nf7 77. Rb8 Nd6 78. Rd8 Ke5 79. Rh8 Ra3+ 80. Ke2 Nf5 81. Re8+ Kf4 82. Kd2 Nd6 83. Re7 Ne4+ 84. Kc2 Ke3 85. Kb2 Ra6 86. Kb3 Rd6 87. Kc4 Rd4+ 88. Kb5 Kd3 89. Kc6 Kc4 90. Rd7 Rxd7 91. Kxd7 1/2-1/2

[Event "Verbandsliga Nord Baden 1314"]
[Site "Germany"]
[Date "2014.03.09"]
[Round "7.5"]
[White "Mueller, Jens"]
[Black "Elis, Volker"]
[Result "1/2-1/2"]
[WhiteElo "2031"]
[BlackElo "2220"]
[PlyCount "48"]
[EventDate "2013.10.20"]
[EventType "team-tourn"]
[EventRounds "9"]
[EventCountry "GER"]
[SourceTitle "EXT 2015"]
[Source "ChessBase"]
[SourceDate "2014.11.20"]
[SourceVersion "1"]
[SourceVersionDate "2014.11.20"]
[SourceQuality "1"]
[WhiteTeam "Weinheim"]
[BlackTeam "Heidelberg"]
[WhiteTeamCountry "GER"]
[BlackTeamCountry "GER"]

1. e4 e6 2. d4 d5 3. exd5 exd5 4. Nf3 Nc6 5. Bf4 Bd6 6. Bxd6 Qxd6 7. c3 Bg4 8. Be2 Nge7 9. 0-0 0-0 10. Re1 Rfe8 11. Nbd2 Ng6 12. Qc2 Nf4 13. Bf1 Rad8 14. Re3 Bd7 15. Rae1 f6 16. Rxe8+ Rxe8 17. Rxe8+ Bxe8 18. g3 Ne6 19. Bd3 Nf8 20. Nf1 Ne7 21. Ne3 Bg6 22. Nh4 Bxd3 23. Qxd3 c6 24. Nhf5 Nxf5 1/2-1/2

[Event "Verbandsliga Nord Baden 1213"]
[Site "Baden"]
[Date "2012.12.16"]
[Round "3.5"]
[White "Elis, Volker"]
[Black "Drakulic, Aleksandar"]
[Result "1-0"]
[WhiteElo "2220"]
[BlackElo "2015"]
[PlyCount "65"]
[EventDate "2012.10.21"]
[EventType "team-tourn"]
[EventRounds "9"]
[EventCountry "GER"]
[SourceTitle "EXT 2014"]
[Source "ChessBase"]
[SourceDate "2013.11.20"]
[SourceVersion "1"]
[SourceVersionDate "2013.11.20"]
[SourceQuality "1"]
[WhiteTeam "Heidelberg"]
[BlackTeam "Slavija KA"]
[WhiteTeamCountry "GER"]
[BlackTeamCountry "GER"]

1. Nf3 b6 2. e4 c5 3. d4 cxd4 4. Nxd4 Bb7 5. Nc3 Nc6 6. Bc4 Nxd4 7. Qxd4 e6 8. Bf4 Nf6 9. Nb5 Bc5 10. Nd6+ Bxd6 11. Bxd6 Nxe4 12. Qxg7 Qf6 13. Qxf6 Nxf6 14. f3 Rg8 15. Kf2 a5 16. Rad1 Ba6 17. Rd4 Bxc4 18. Rxc4 Rg5 19. Rd1 b5 20. Rf4 Nd5 21. Re4 0-0-0 22. a4 b4 23. c4 bxc3 24. bxc3 Kb7 25. Rc4 Rxg2+ 26. Kxg2 Ne3+ 27. Kh3 Nxc4 28. Be7 Rc8 29. Rxd7+ Rc7 30. Rd4 Nb6 31. Bd8 Rxc3 32. Kg3 Rc4 33. Bxb6 1-0

[Event "Oberliga NRW 0203 I"]
[Site "Germany"]
[Date "2003.05.04"]
[Round "9.4"]
[White "Elis, Volker"]
[Black "Lamprecht, Mark"]
[Result "1-0"]
[WhiteElo "2106"]
[BlackElo "2263"]
[PlyCount "55"]
[EventDate "2002.10.06"]
[EventType "team"]
[EventRounds "9"]
[EventCountry "GER"]
[SourceTitle "EXT 2004"]
[Source "ChessBase"]
[SourceDate "2003.11.25"]
[SourceVersion "1"]
[SourceVersionDate "2003.11.25"]
[SourceQuality "1"]
[WhiteTeam "Godesberg II"]
[BlackTeam "Lohmar"]
[WhiteTeamCountry "GER"]
[BlackTeamCountry "GER"]

1. e4 c6 2. d4 d5 3. Nd2 dxe4 4. Nxe4 Nf6 5. Nxf6+ gxf6 6. c3 Bf5 7. Ne2 e6 8. Ng3 Bg6 9. h4 h5 10. Be2 Bd6 11. Nxh5 Nd7 12. Nf4 Qc7 13. Nxg6 fxg6 14. Qb3 0-0-0 15. Be3 g5 16. 0-0-0 gxh4 17. Qxe6 Bf4 18. Rd3 Kb8 19. Qg4 Bxe3+ 20. Rxe3 c5 21. Rxh4 Rxh4 22. Qxh4 cxd4 23. Qxd4 Ne5 24. Qh4 Qd6 25. a3 a6 26. Kb1 Qb6 27. Qb4 Qe6 28. f4 1-0

[Event "Oberliga NRW 0001 I"]
[Site "NRW"]
[Date "2001.05.06"]
[Round "9.3"]
[White "Elis, Volker"]
[Black "Fischdick, Gisela"]
[Result "1/2-1/2"]
[WhiteElo "2092"]
[BlackElo "2251"]
[PlyCount "28"]
[EventDate "2000.09.24"]
[EventType "team"]
[EventRounds "9"]
[EventCountry "GER"]
[SourceTitle "EXT 2006"]
[Source "ChessBase"]
[SourceDate "2005.11.24"]
[SourceVersion "1"]
[SourceVersionDate "2005.11.24"]
[SourceQuality "1"]
[WhiteTeam "Godesberg II"]
[BlackTeam "Elberfeld"]
[WhiteTeamCountry "GER"]
[BlackTeamCountry "GER"]

1. e4 g6 2. d4 c6 3. Nf3 Bg7 4. Bd3 d6 5. 0-0 Nf6 6. Re1 0-0 7. h3 Ne8 8. Bg5 Nc7 9. Qd2 Nd7 10. Nc3 Qe8 11. a4 e5 12. Bh6 exd4 13. Bxg7 Kxg7 14. Nxd4 f6 1/2-1/2

[Event "Troisdorf op"]
[Site "Troisdorf"]
[Date "1998.11.24"]
[Round "6"]
[White "Elis, Volker"]
[Black "Balduan, Markus"]
[Result "1/2-1/2"]
[WhiteElo "2112"]
[BlackElo "2279"]
[PlyCount "91"]
[EventDate "1998.10.20"]
[EventType "swiss"]
[EventRounds "7"]
[EventCountry "GER"]
[SourceTitle "EXT 2002"]
[Source "ChessBase"]
[SourceDate "2001.11.25"]
[SourceVersion "1"]
[SourceVersionDate "2001.11.25"]
[SourceQuality "1"]

1. e4 c5 2. Nf3 Nc6 3. d4 cxd4 4. Nxd4 g6 5. c4 Bg7 6. Be3 Nf6 7. Nc3 0-0 8. Be2 d6 9. 0-0 Bd7 10. f3 Nxd4 11. Bxd4 a5 12. b3 Bc6 13. Qd2 Nd7 14. Bf2 Nc5 15. Rab1 f5 16. exf5 gxf5 17. a3 b6 18. Bd1 Nd7 19. Be2 Kh8 20. Nd5 Rf7 21. Be3 Rb8 22. Nf4 Qg8 23. Ne6 Be5 24. Bd3 Qg6 25. Nd4 Bxd4 26. Bxd4+ e5 27. Bc3 Rg8 28. b4 axb4 29. axb4 Rfg7 30. Rb2 Qh5 31. Qd1 Rg6 32. g3 Qh3 33. Rg2 h5 34. Qc2 Rg5 35. Kf2 f4 36. Ke1 h4 37. Rgg1 fxg3 38. hxg3 Rf8 39. Be4 Bxe4 40. Qxe4 Rh5 41. Qg6 Qf5 42. gxh4 Qxg6 43. Rxg6 Rxh4 44. Rxd6 Rxc4 45. Rxd7 Rxc3 46. Rh1+ 1/2-1/2